000
00253nam a22001097a 4500
003
OSt
008
241226b |||||||| |||| 00| 0 eng d
041
_a
eng
100
_a
Vinayak N Gharpure
_9
6623
245
_a
Text Book of Sanitary Egineering
942
_c
BK
999
_c
18775
_d
18775